Normal view
MARC view
- الشيخلي،خالد خليل
Entry Personal Name
001 - CONTROL NUMBER
- control field: 21660
003 - CONTROL NUMBER IDENTIFIER
- control field: JO-AjAnu
005 - DATE AND TIME OF LATEST TRANSACTION
- control field: 20230606073741.0
008 - FIXED-LENGTH DATA ELEMENTS
- fixed length control field: 230606|| aca||aabn | a|a d
040 ## - CATALOGING SOURCE
- Original cataloging agency: JO-AjAnu
- Transcribing agency: JO-AjAnu
100 ## - HEADING--PERSONAL NAME
- Personal name: الشيخلي،خالد خليل
670 ## - SOURCE DATA FOUND
- Source citation: Work cat.: (JO-AjAnu)11129: الشيخلي،خالد خليل, author, الأطفال الموهوبون والمتفوقون:أساليب إكتشافهم وطرائق رعايتهم